[Event "Pozarevac"]
[Site "Pozarevac"]
[Date "1995.??.??"]
[Round "4"]
[White "Milovanovic, Rade"]
[Black "Mitrovic, Petar"]
[Result "0-1"]
[WhiteElo "2445"]
[BlackElo "2380"]
[Annotator "Ftacnik,L"]
[PlyCount "96"]
[EventDate "1995.06.??"]
[EventType "tourn"]
[EventRounds "13"]
[EventCountry "YUG"]
[EventCategory "8"]
[SourceTitle "CBM 049 Extra"]
[Source "ChessBase"]
[SourceDate "1996.01.01"]
[SourceVersion "1"]
[SourceVersionDate "1996.01.01"]
[SourceQuality "1"]

1. d4 Nf6 2. c4 g6 3. Nc3 d5 4. cxd5 Nxd5 5. e4 Nxc3 6. bxc3 c5 7. Bc4 Bg7 8.
Ne2 Nc6 9. Be3 O-O 10. Rc1 Bd7 11. O-O Rc8 12. h3 Qc7 (12... a6 13. d5 Na5 14.
Bd3 b5 15. Qd2 e6 16. Rfd1 exd5 17. exd5 Re8 18. Ng3 Nb7 19. Bg5 Qb6 20. h4 c4
21. Bc2 Nc5 22. Be3 b4 {Razuvaev,Y-Romanishin,O/URS-ch/1980/0-1 (41)}) (12...
Qa5 13. f4 (13. Qb3 Qc7 14. Qa3 Qa5 15. Qb3 Qc7 16. Qa3 Na5 17. Bd3 e5 18. f4
c4 19. Bc2 f6 20. Rf3 b6 21. Rcf1 exd4 22. cxd4 f5 23. e5 Bc6 24. Nc3 Bxf3 25.
Rxf3 Nc6 26. d5 Nxe5 27. fxe5 Bxe5 {Kakageldyev,A-Epishin,V/Frunze op/1989/0-1
(57)}) 13... cxd4 14. cxd4 e6 15. d5 exd5 16. Bxd5 Nb4 17. Qd2 b6 18. Rxc8 Bxc8
19. Bb3 Nc6 20. Qd6 Qb5 21. Rf2 Na5 22. Qd5 Qe8 23. e5 Bb7 24. Qd3 Nxb3 25.
axb3 Qa8 {Rodriguez,O-Epishin,V/URS-ESP mT/1991/0-1 (41)}) 13. f4 e6 14. dxc5
Nb8 {Black hopes to win back the c5P with a smart play, but falls under the
immediate attack. It was better to prevent f4-f5 push.} (14... Na5 15. Bd3 f5
$5) 15. f5 $5 exf5 16. exf5 Bxf5 17. Nd4 Bxh3 (17... Qxc5 18. Nxf5 Qxc4 19.
Ne7+ Kh8 20. Nxc8 Rxc8 21. Bd4 $16) 18. Qf3 (18. gxh3 $2 Qg3+ 19. Kh1 Qxh3+ 20.
Kg1 Qxe3+ $19) 18... Bd7 (18... Be6 19. Nxe6 fxe6 20. Bxe6+ Kh8 21. Qe4) 19.
Bxf7+ Kh8 20. Qe4 Bf5 (20... Qxc5 21. Ne6 Qe7 22. Bg5 $18) 21. Nxf5 gxf5 (21...
Rxf7 22. Nxg7 $16) 22. Qxf5 Nd7 (22... Nc6 23. Qh5 Ne5 24. Be6 $16) 23. Qh3 (
23. Qg5 Nxc5 24. Bd5 (24. Qxg7+ Kxg7 25. Bd4+ Kh6 26. Be3+ $10) 24... Nd3 $13)
23... Nxc5 24. Bg6 Be5 25. Bd4 {White is playing for more, but he was in the
position to win at least the pawn.} (25. Rxf8+ Rxf8 26. Bxh7 Qxh7 27. Qxh7+
Kxh7 28. Bxc5 Rc8 29. Bxa7 Rxc3 30. Rxc3 Bxc3 31. Kf2 $16) 25... Bxd4+ 26. cxd4
Qg7 (26... Rxf1+ 27. Rxf1 Ne6 28. Qxe6 hxg6 29. Qxg6 $18) 27. dxc5 $2 (27.
Rxf8+ Rxf8 28. Qxh7+ Qxh7 29. Bxh7 Kxh7 30. dxc5 $16) 27... Qxg6 28. Qd7 (28.
Qc3+ Qg7 29. Rxf8+ Rxf8 30. Qxg7+ Kxg7 31. c6 $10) 28... Qg7 29. Rxf8+ Rxf8 30.
Qd6 Qf6 31. Qxf6+ Rxf6 32. Rd1 (32. Rb1 Rf7 33. c6 bxc6 34. Rb8+ Kg7 35. Rc8
Kf6 36. Rxc6+ Ke5 37. Ra6 $10) 32... Kg7 33. Rd7+ Rf7 34. Rd5 (34. Rxf7+ Kxf7
35. Kf2 Ke6 36. Ke3 Kd5 $19) 34... Kf6 35. Rd6+ $6 {The game is remarkable
from the point of gradually losing much better middlegame position.} (35. c6 $1
bxc6 36. Rd6+ Ke5 37. Rxc6 $10) 35... Ke5 36. Rh6 Kd5 37. Rh5+ Kc4 38. g3 Kb4
39. Rd5 Ka3 40. Rd2 a5 41. Kg2 (41. Rc2 Rc7) 41... a4 42. g4 Rc7 43. Rc2 (43.
Kf3 Rxc5 44. Ke4 b5 $19) 43... b5 $1 44. Kf3 b4 45. c6 b3 46. axb3 axb3 47. Rc5
(47. Rc3 Kb4 48. Rc1 b2 49. Rb1 Kc3 $19) 47... b2 48. Rb5 Rxc6 0-1

[Event "St Petersburg op"]
[Site "St Petersburg"]
[Date "1994.??.??"]
[Round "2"]
[White "Begunov, Konstantin"]
[Black "Svidler, Peter"]
[Result "0-1"]
[WhiteElo "2325"]
[BlackElo "2505"]
[Annotator "Ftacnik,L"]
[PlyCount "92"]
[EventDate "1994.02.??"]
[EventType "swiss"]
[EventRounds "9"]
[EventCountry "RUS"]
[SourceTitle "CBM 041"]
[Source "ChessBase"]
[SourceDate "1994.08.01"]
[SourceVersion "1"]
[SourceVersionDate "1994.08.01"]
[SourceQuality "1"]

1. d4 Nf6 2. c4 g6 3. Nc3 d5 4. cxd5 Nxd5 5. e4 Nxc3 6. bxc3 Bg7 7. Bc4 O-O 8.
Ne2 c5 9. O-O Nc6 10. Be3 Bd7 11. Rb1 a6 (11... Rc8 12. Bd3 e5 (12... Qc7 13.
d5 (13. Bf4 e5 14. Bg3 cxd4 15. cxd4 Bh6 16. Nc3 Nb4 17. Rb3 Bg7 18. Be2 Qa5
19. dxe5 Be6 20. Nd5 Nxd5 21. exd5 Qxd5 22. Qxd5 Bxd5 23. Rb5 Bc6 24. Rb2 $10 {
Timoshchenko,G-Rytshagov,M/Cappelle op (05)/1993/0.5 (25)}) 13... Ne5 14. Bf4
b6 15. c4 f5 16. Bg3 Rcd8 17. exf5 Bxf5 18. Bxf5 Rxf5 19. Nf4 Nxc4 20. Ne6 Qd7
21. Qe2 Nd6 22. Nxd8 Qxd8 23. Qe6+ Rf7 24. Be5 $16 {Karpman,V-Tseitlin,MD/
Podolsk GMA-qual/1989/1-0 (54)}) (12... Na5 13. d5 f5 14. exf5 Bxf5 15. c4 Qd7
16. Bxf5 Rxf5 17. Qc2 b6 18. Nf4 Nb7 19. Ne6 Nd8 20. Nxg7 Kxg7 21. Bc1 Kg8 22.
Bb2 Nb7 23. Rbe1 Rcf8 24. Re2 $16 {Lukacs,P-Jansa,V/Baile Herculane/1982/1-0 
(35)}) 13. d5 Na5 14. Qc1 Qe7 15. Kh1 f5 16. exf5 gxf5 17. c4 b6 18. Bg5 Qf7
19. Ng3 Nb7 20. Be2 Qg6 21. f4 e4 22. Nh5 Bd4 23. Rb3 e3 24. Bh4 $13 {Cramling,
P-Groszpeter,A/Biel-B/1990/0.5 (32)}) (11... Na5 12. Bd3 Qc7 (12... e5 13. dxe5
Qc7 14. f4 Rad8 15. Nc1 b6 16. Qe2 Rfe8 17. Bf2 g5 18. Bg3 c4 19. Bc2 gxf4 20.
Bh4 Qc5+ 21. Kh1 Rc8 22. Bf6 Bxf6 23. exf6 Rcd8 24. Rxf4 $16 {Timoshchenko,
G-Cseshkovsky,V/Moscow GMA-op/1989/1-0 (30)}) 13. Qd2 Rfd8 14. d5 c4 15. Bc2 e6
16. d6 Qc6 17. f4 e5 18. fxe5 Bxe5 19. Bg5 Bg4 20. Bxd8 Rxd8 21. Qg5 Qc5+ 22.
Kh1 Bxe2 23. Qxd8+ Kg7 {Polugaevsky,L-Romanishin,O/Tilburg/1985/1-0 (24)}) (
11... cxd4 12. cxd4 Qc7 13. Qd2 Nxd4 14. Bxf7+ Rxf7 15. Nxd4 b6 16. Rfc1 Qd6
17. Qb4 Rc8 18. Rxc8+ Bxc8 19. Qc4 Bd7 20. Nb5 Bxb5 21. Qxb5 e6 22. Rc1 Qd7 23.
Qc4 Bb2 24. Rb1 $14 {Sadler,M-Conquest,S/Telecom Dublin/1991/1-0 (60)}) 12. Bd3
(12. dxc5 Na5 13. Bb3 (13. Bd5 e6 14. Bxb7 Nxb7 15. Rxb7 Bc6 16. Rb6 Bxe4 17.
Qa4 Qd3 18. Nf4 Qc2 19. Qc4 Rad8 20. Rd6 Bb7 21. Rc1 Qf5 22. Rcd1 Rc8 23. f3 g5
24. Nd3 $13 {Vokac,M-Van Mil,J/Mitropa Cup/1993/0-1 (49)}) 13... Bb5 14. Re1
Nxb3 15. Qxb3 Qa5 16. f3 Rfc8 17. c4 Bc6 18. Nd4 Be8 19. Qxb7 Qxa2 20. Qxe7
Qxc4 21. Rec1 Qa2 22. Qb7 Qa3 23. c6 a5 24. c7 $16 {Shneider,A-Van Mil,J/
Kusadasi op/1990/1-0 (27)}) 12... Qc7 13. Bf4 (13. f4 b5 14. dxc5 Rfd8 $13)
13... e5 14. Bg3 (14. dxe5 Be6 15. Qd2 b5 $132) 14... b5 15. Kh1 Rae8 16. Bc2
Qa7 17. d5 (17. dxe5 Nxe5 18. Bxe5 Rxe5 19. f4 Ree8 $10) 17... Na5 18. a4 f5 $1
19. axb5 axb5 (19... f4 $2 20. b6 Qb8 21. Bh4 h6 22. f3 $14) 20. f3 Nc4 21. Ra1
Qb6 22. Qc1 fxe4 23. Bxe4 (23. fxe4 Rxf1+ 24. Qxf1 Bh6 $15) 23... Bf5 (23...
Ra8 24. Rd1 (24. Rxa8 $6 Rxa8 25. Qg5 Bf6 26. Qc1 Bf5 $15)) 24. Bxf5 (24. Rd1
Bxe4 25. fxe4 Nd6 26. Qc2 Bh6 {/\ Nc4}) 24... gxf5 25. Qg5 $6 (25. Rd1 Ra8 $15)
25... Rd8 (25... Qg6 $6 26. Qxg6 hxg6 27. Bf2 Rc8 28. Rfb1) 26. Rfd1 h6 27. Qe7
Ne3 (27... Bf6 28. Qe6+ Qxe6 29. dxe6 e4 30. Rxd8 Rxd8 31. fxe4 fxe4 32. Rb1 b4
33. cxb4 Nd2 34. Rd1 cxb4 35. Bf4 Nc4 36. Rxd8+ Bxd8 37. Bxh6 b3 $15) 28. Ra7
Qg6 29. Rda1 (29. Rd3 f4 30. Rxe3 fxe3 31. Qxc5 Rf7 $17) 29... Rxd5 30. R1a6
Qf7 31. Qh4 (31. Rb6 Rd2 32. Ng1 Qxe7 33. Rxe7 f4 $19) 31... Rd7 32. Rxd7 Qxd7
33. Bf2 Qd2 34. Bxe3 (34. Ng1 Qxc3 $19) 34... Qxe3 35. Ng1 Qxc3 36. Ra7 e4 37.
Qe7 Qe5 38. Qd7 b4 39. f4 Qf6 40. Ne2 (40. Qd5+ Rf7 41. Ra8+ Kh7 42. Qxc5 b3
43. Rb8 b2 $19) 40... Rd8 41. Qa4 Qb2 42. Rd7 Rxd7 43. Qxd7 Qb1+ (43... Qxe2
44. Qe6+ Kf8 45. Qd6+ Kf7 46. Qd7+ Kg6 47. Qe6+ Bf6 48. Qg8+ Kh5 49. Qf7+ Kg4
$19) 44. Ng1 e3 45. Qe6+ Kh7 46. Qxe3 b3 0-1

[Event "URS-ch FL55"]
[Site "Lvov"]
[Date "1987.11.11"]
[Round "5"]
[White "Chernin, Alexander"]
[Black "Malisauskas, Vidmantas"]
[Result "1/2-1/2"]
[WhiteElo "2580"]
[BlackElo "2475"]
[Annotator "Ftacnik,L"]
[PlyCount "60"]
[EventDate "1987.11.??"]
[EventType "tourn"]
[EventRounds "17"]
[EventCountry "URS"]
[EventCategory "10"]
[SourceTitle "EXT 2018"]
[Source "ChessBase"]
[SourceDate "2017.10.13"]
[SourceVersion "1"]
[SourceVersionDate "2017.10.13"]
[SourceQuality "1"]

1. d4 Nf6 2. c4 g6 3. Nc3 d5 4. cxd5 Nxd5 5. e4 Nxc3 6. bxc3 Bg7 7. Bc4 c5 8.
Ne2 Nc6 9. Be3 O-O 10. O-O Bg4 11. f3 Na5 12. Bxf7+ Rxf7 13. fxg4 Rxf1+ 14.
Kxf1 Qd6 15. Kg1 Qe6 16. Qd3 cxd4 17. cxd4 Rd8 {'!?'} 18. g5 (18. h3 Qc4 (18...
Nc4) 19. Qxc4+ Nxc4 20. Bf2 e5 21. d5 Bh6 22. a4 b6 23. h4 Bd2 24. Ra2 Ba5 25.
Rc2 $16) 18... Nc4 19. Bf2 (19. Nf4 Qf7 20. Nd5 Nxe3 21. Qxe3 e6 22. Rf1 Qd7
23. Nf6+ Bxf6 24. gxf6 Qxd4) 19... b5 20. a4 bxa4 (20... a6 21. axb5 axb5 22.
Rb1 $16) 21. Nf4 Qf7 22. Nd5 Rf8 {'!'} 23. Bg3 Nb6 (23... Nb2 24. Qc3 a3 25. h3
) 24. h4 {'?!'} (24. Nxb6 Qb3 $5 25. Qxb3+ axb3 26. e5 axb6 27. Rb1 Rd8 $1 28.
Rxb3 Rxd4 29. Rxb6 Re4 30. Rb5 Kf7 $10) 24... Nxd5 25. exd5 Qxd5 26. Rxa4 e5
27. Kh2 (27. Rxa7 e4 $17) 27... exd4 (27... e4 28. Qc3) 28. Rxa7 Be5 29. Bxe5
Qxe5+ 30. Qg3 Qxg3+ (30... Rf4 31. Ra8+ Kg7 32. Ra7+ $10) 1/2-1/2

[Event "Alushta4"]
[Site "Alushta"]
[Date "1994.??.??"]
[Round "1"]
[White "Graf, Alexander"]
[Black "Adorjan, Andras"]
[Result "1/2-1/2"]
[WhiteElo "2575"]
[BlackElo "2565"]
[Annotator "Ftacnik,L"]
[PlyCount "91"]
[EventDate "1994.??.??"]
[EventType "tourn"]
[EventRounds "9"]
[EventCountry "UKR"]
[EventCategory "13"]
[SourceTitle "CBM 042"]
[Source "ChessBase"]
[SourceDate "1994.10.01"]
[SourceVersion "1"]
[SourceVersionDate "1994.10.01"]
[SourceQuality "1"]

1. d4 {Chekhov} Nf6 2. c4 g6 3. Nc3 d5 4. cxd5 Nxd5 5. e4 Nxc3 6. bxc3 Bg7 7.
Bc4 c5 8. Ne2 Nc6 9. Be3 O-O 10. O-O Qc7 11. Rc1 Rd8 12. Bf4 Qd7 13. d5 Ne5 (
13... Na5 {Chekhov} 14. Bb3 $5 (14. Bd3 $5 e5 15. Be3 Qe7 16. Qd2 b6 17. f4 c4
$6 (17... exf4 18. Bxf4 Bg4 19. Ng3 $132 {Polugaevsky,L-Tukmakov,V/Moscow/1985/
0,5 (31)}) 18. Bc2 exf4 19. Bxf4 Nc6 20. Nd4 $1 $14 {Yusupov,A-Kamsky,G/
Tilburg/199/}) 14... b5 15. Be3 Qc7 16. c4 bxc4 17. Bxc4 Nxc4 18. Rxc4 Ba6 19.
Rxc5 Qe5 20. f3 e6 21. Bd4 Qg5 22. Re1 $1 $16 {Nenashev,A-Lputian,S/Manila(ol)/
1992/0,5 (55)}) 14. Bxe5 (14. Bb3 $5 {Chekhov} b5 15. h3 Bb7 16. Bxe5 Bxe5 17.
f4 Bg7 18. c4 e6 19. Nc3 bxc4 20. Bxc4 Bxc3 21. Rxc3 exd5 22. exd5 Qd6 23. f5
$16 {Piskov,Y-Stajcic,N/HUN/1989/}) 14... Bxe5 15. f4 Bg7 16. a4 (16. Qb3 $5 {
Chekhov}) 16... Qc7 17. Qb3 Rb8 18. Rb1 Kh8 $5 19. Ng3 Bd7 20. e5 (20. Bb5 $5
Bxb5 21. axb5 c4 22. Qb4 Qd6 $1 23. Qxc4 Rbc8 24. Qa2 Qb6+ 25. Kh1 Rxc3 26. e5
Rd3 $13) 20... a6 21. Qb6 $8 (21. Ne4 $2 b5 22. axb5 axb5 23. d6 exd6 24. Bxf7
(24. exd6 Qa7 25. Ra1 Qb6 $19) (24. Nxd6 bxc4 25. Nxf7+ Kg8 26. Qxc4 Be6 $1 27.
Qxe6 Qxf7 $17) 24... Bf5 25. Nxd6 c4 26. Qb4 Bxb1 27. Rxb1 Bf8 $19) 21... Qxb6
22. Rxb6 Bxa4 $6 (22... f6 $5) (22... f6 {Chekhov} 23. e6 Bxa4 24. f5 (24. Rfb1
f5 25. Rxb7 Rxb7 26. Rxb7 Bf6 (26... Bxc3 27. Rxe7 Bb5 28. Bxb5 axb5 29. Rb7
$36) 27. Ba2 $14) 24... Bh6 25. Rfb1 Bf4 26. Kf2 Bc2 27. R1b2 Bxf5 28. Rxb7 a5
29. R2b5 Rxb7 {Vyzmanavin,A-Adorjan,A/Alushta 4/1994/0,5 (29)}) 23. Ne4 (23.
Rfb1 g5 $1 24. Nh5 gxf4 25. Nxg7 Kxg7 26. Rxb7 Bb5 27. Rxb8 Rxb8 28. Bf1 c4 29.
Bxc4 Rc8 30. Bxb5 axb5 31. Rxb5 Rxc3 $10) 23... f6 24. d6 fxe5 25. fxe5 $2 (25.
dxe7 Re8 26. Nd6 Rxe7 27. Nf7+ Rxf7 $5 (27... Kg8 28. Ng5+ Kf8 29. Ne6+ Ke8 30.
Nxc5 Bb5 $13) 28. Bxf7 exf4 29. Rxf4 Bc6 $13) (25. Ng5 $1 Be8 $8 (25... Re8 26.
Nf7+ Kg8 27. d7 $1 $18) 26. fxe5 $16 (26. fxe5 {Chekhov} exd6 (26... Bxe5 27.
Rf8+ Kg7 28. Ne6+ $18) 27. exd6 $36)) 25... exd6 (25... Bxe5 26. Ng5 Kg7 27.
Ne6+ Kh6 28. Nxd8 Rxd8 29. dxe7 $16) 26. Nxd6 Rd7 (26... Rf8 {Chekhov} 27. Nf7+
Kg8 28. e6 Rfe8 $1) 27. Nf7+ Kg8 28. Nd6+ Kh8 29. Bxa6 Re7 30. Nf7+ Kg8 31. Bc4
Be8 32. Nd6+ (32. e6 {Chekhov} Bxc3) 32... Kh8 33. e6 Bxc3 34. Rf8+ Kg7 35.
Rxe8 Rbxe8 36. Nxe8+ Rxe8 37. Rxb7+ Kh6 (37... Kf6 38. Rxh7 $14) 38. g3 Bf6 39.
Rf7 Bd8 40. h4 Re7 41. Rf8 Bc7 42. Kg2 (42. g4 Bg3 $1) 42... Kg7 43. Rc8 Kf6
44. Rf8+ Ke5 45. Rf4 Bd6 46. Kf3 1/2-1/2

[Event "Jakarta Gunadarma"]
[Site "Jakarta"]
[Date "1996.??.??"]
[Round "5"]
[White "Sokolov, Ivan"]
[Black "Ftacnik, Lubomir"]
[Result "1/2-1/2"]
[WhiteElo "2670"]
[BlackElo "2610"]
[Annotator "Ftacnik,L"]
[PlyCount "87"]
[EventDate "1996.10.15"]
[EventType "tourn"]
[EventRounds "9"]
[EventCountry "INA"]
[EventCategory "13"]
[SourceTitle "CBM 056"]
[Source "ChessBase"]
[SourceDate "1997.02.01"]
[SourceVersion "1"]
[SourceVersionDate "1997.02.01"]
[SourceQuality "1"]

1. d4 Nf6 2. c4 g6 3. Nc3 d5 4. cxd5 Nxd5 5. e4 Nxc3 6. bxc3 Bg7 7. Bb5+ (7.
Bc4 c5 8. Ne2 Nc6 9. Be3 O-O 10. O-O Qc7 11. Rc1 Rd8 12. Qd2 Qa5 13. Rfd1 Bg4
14. Qb2 Qb6 15. Qxb6 axb6 16. f3 Be6 (16... Bd7 17. dxc5 Ne5 18. Bb3 bxc5 19.
Bxc5 Bh6 20. f4 Bg4 21. Rxd8+ Rxd8 22. fxe5 Bxe2 23. Re1 Rd2 24. Bxe7 {Tarjan,
J-Gutman,L/Luzern olm (13)/1982/1-0 (79)}) 17. d5 (17. Bxe6 fxe6 18. dxc5 Rxd1+
19. Rxd1 bxc5 20. Bxc5 Rxa2 21. Nd4 Bxd4+ 22. cxd4 Rc2 23. Bb6 Rb2 {1/2-1/2
Christiansen,L-Gutman,L/Grindavik (04)/1984 (41)}) 17... Ne5 18. Bb3 Bd7 19. h3
(19. c4 b5 20. cxb5 c4 21. Bc2 {1/2-1/2 Nickoloff,B-Bailey,D/Canada zt/1989})
19... c4 20. Bc2 Rxa2 21. Nd4 Ba4 22. Bxa4 Rxa4 23. Rb1 Nd7 24. Ne6 Rda8 25.
Nxg7 Kxg7 {Geller,E-Giorgadze,T/URS-ch46 Tbilisi/1978/1/2-1/2 (52)}) 7... c6 8.
Bc4 c5 9. Ne2 Nc6 10. Be3 O-O 11. O-O Qc7 12. Rc1 Rd8 13. Qd2 Qa5 14. Qb2 Qb6
$6 15. Qxb6 $2 (15. Qa3 $1 cxd4 16. cxd4 Nxd4 17. Nxd4 Bxd4 18. Qxe7 Be6 19.
Bxe6 Qxe6 20. Qxe6 fxe6 21. Rc7 $14) 15... axb6 16. Rfd1 Be6 $1 (16... Bg4 17.
f3 Be6) 17. d5 (17. Bxe6 fxe6 18. dxc5 Rxd1+ 19. Rxd1 bxc5 20. Bxc5 Rxa2 $10)
17... Ne5 18. Bb3 Bd7 19. c4 (19. h3 c4 20. Bc2 Rxa2 $10) 19... b5 $1 20. cxb5
(20. Bxc5 bxc4 21. Bc2 (21. Bxc4 Nxc4 22. Rxc4 Bb5 23. Rc2 Ba4 $17) 21... Rxa2
22. Bxe7 Re8 $13) 20... Bxb5 $6 (20... c4 $1 21. Bc2 Rxa2 22. Nd4 (22. Nc3 Ra3
(22... Rb2 23. Bc5 $13) 23. Nb1 Rxe3 $5 24. fxe3 Bh6 25. Re1 Ng4 $17) 22... Ng4
(22... Rb2 23. Rb1 c3 $15) 23. Bb1 Nxe3 24. fxe3 Ra4 $17) 21. Nc3 Ba6 22. Bxc5
$6 {White is toying with fire, exchange in the endgame is a great bous for
black. Weiß spielt mit dem Feuer, eine Qualität im Endspiel ist ein großer
Bonus für Schwarz.} (22. Na4 c4 23. Bc2 b5 24. Nb6 (24. Nc5 Bc8 25. Bb1 c3)
24... Rab8 25. Bc5 Rb7 26. f4 $13) 22... Nd3 23. Bxe7 Nxc1 24. Rxc1 (24. Bxd8
Nxb3 25. Bb6 (25. Be7 Bxc3 26. d6 Be2 $19) 25... Bxc3 26. axb3 Be2 $1 $19)
24... Rdc8 25. Bb4 (25. d6 $2 Rxc3 26. Rxc3 Bxc3 27. d7 Ba5 $19) 25... Bc4 26.
g3 Bxb3 27. axb3 Ra6 $2 (27... f5 $1 28. exf5 gxf5 29. Kg2 (29. d6 Rc6 30. d7
Bxc3 (30... Rd8 31. Rd1 Bxc3 32. Be7 Bf6 33. Bxd8 Bxd8 34. Re1 Rf6 35. Re8+ Rf8
36. Kg2 $17) 31. Bxc3 Rd8 $17) 29... Bxc3 30. Bxc3 Rc5 31. d6 Rac8 32. d7 Rd8
$17) 28. Kg2 f5 (28... Rb6 29. Ba5 $1 (29. d6 Rbc6 (29... Rxb4 30. Nd5 Rxc1 31.
d7) (29... Bxc3 30. d7 Rd8 31. Rxc3 Rxd7 32. Rc8+ Kg7 33. Bc3+ f6 34. e5 $15)
30. f4 Bxc3 31. d7 Rd8 32. Rxc3 Rxd7 $17) 29... Rxb3 30. d6 b6 31. Nd5 $3 Rxc1
32. d7 $18) 29. exf5 gxf5 30. d6 Bxc3 (30... Rac6 $1 31. d7 Rd8 32. Rd1 Bxc3 (
32... Rxc3 33. Be7 $10) 33. Be7 Bf6 34. Bxd8 Bxd8 35. Re1 Rf6 36. Re8+ Rf8 37.
Kf3 Kf7 38. Re5 $15) (30... Kf7 31. Rd1) 31. d7 Rd8 32. Rxc3 Rxd7 33. Rc8+ Kf7
34. Rf8+ Kg6 $6 (34... Ke6 $1 35. Re8+ Kd5 36. Rf8 (36. Bc3 Re6 $17) 36... Ke4
37. f3+ Kd3 38. Rxf5 Ra2+ 39. Kh3 Rb2 $15) 35. Bc3 Rd3 36. Be5 Rxb3 37. f4 $1 {
Instructive position, well coordinated white pieces are extremely efficient.
Instruktive Stellung, gut koordinierte weiße Steine wirken äußerst effektiv.}
h6 38. Kh3 Rf3 (38... b5 39. Kh4 Ra2 40. h3 Raa3 41. Rf6+ Kh7 42. Rf8 Kg6 (
42... Rxg3 $2 43. Rh8+ Kg6 44. Rg8+ $18) 43. Rf6+) 39. Kh4 Ra2 40. h3 (40. Kh3
$2 Rff2 41. Rf6+ Kh7 42. Rxf5 Rxh2+ 43. Kg4 Kg8 $17) 40... Raa3 41. Rf6+ Kh7 (
41... Kg7 $1 42. Rb6+ (42. Kh5 Rxg3 43. h4 Kg8 44. Rxh6 b5 $15) (42. Rxf5+ Kg8
43. Kh5 Rxg3 44. h4 Ra6 $15) 42... Kg8 43. Rxb7 Rxg3 44. Kh5 Ra6 (44... Rxh3+
45. Kg6 Ra6+ 46. Bf6 Rg3+ 47. Kxf5 Ra5+ 48. Be5 $10) 45. h4 $10) 42. Rf7+ (42.
Rf8) 42... Kg8 43. Rg7+ Kf8 44. Rxb7 (44. Rxb7 Rad3 45. Kh5 Rxg3 46. h4 $10)
1/2-1/2

[Event "Alushta4"]
[Site "Alushta"]
[Date "1994.??.??"]
[Round "3"]
[White "Vyzmanavin, Alexey"]
[Black "Adorjan, Andras"]
[Result "1/2-1/2"]
[WhiteElo "2610"]
[BlackElo "2565"]
[Annotator "Ftacnik,L"]
[PlyCount "60"]
[EventDate "1994.??.??"]
[EventType "tourn"]
[EventRounds "9"]
[EventCountry "UKR"]
[EventCategory "13"]
[SourceTitle "CBM 042"]
[Source "ChessBase"]
[SourceDate "1994.10.01"]
[SourceVersion "1"]
[SourceVersionDate "1994.10.01"]
[SourceQuality "1"]

1. d4 Nf6 2. c4 g6 3. Nc3 d5 4. cxd5 Nxd5 5. e4 Nxc3 6. bxc3 Bg7 7. Bc4 O-O 8.
Ne2 c5 9. O-O Nc6 10. Be3 Qc7 11. Rc1 Rd8 12. Bf4 Qd7 13. d5 Ne5 14. Bxe5 Bxe5
15. f4 Bg7 16. Qb3 Rb8 17. a4 Qc7 18. Rb1 Bd7 19. e5 (19. Ng3 Qa5 $1) (19. Bb5
Bg4 $1 20. h3 Bxe2 21. Bxe2 g5 $5 22. fxg5 Qg3 $40) (19. d6 $5 exd6 20. Bxf7+
Kh8 $13) 19... Kh8 (19... a6 $5 20. Qb6 Qxb6 21. Rxb6 Bxa4 22. Rfb1 Bb5 $1 23.
Bxb5 axb5 24. R1xb5 Rxd5 25. Rxb7 Rxb7 26. Rxb7 Bf8 $10) 20. Ng3 a6 21. Qb6
Qxb6 22. Rxb6 f6 $1 23. e6 (23. exf6 Bxf6 $17) 23... Bxa4 24. f5 (24. Rfb1 f5
25. Rxb7 Bb5 $1 (25... Rxb7 26. Rxb7 Bf6 27. Ne2 Bb5 28. Bxb5 axb5 29. Rxb5
Rxd5 30. Kf2 Rd6 31. Rxc5 Rxe6 $10) 26. Rxb8 Rxb8 27. Ne2 Bf6 28. Ba2 Ra8 29.
c4 Ba4 $17) (24. Ne4 f5 25. Ng5 Be8 26. Rfb1 h6 27. Nf3 Bb5 $10) 24... Bh6 25.
Rfb1 Be3+ 26. Kf1 Bf4 27. Kf2 (27. Rxb7 $2 Bb5 $1 28. Rxb8 Bxc4+ $19) 27... Bc2
28. R1b2 Bxf5 29. Rxb7 a5 30. R2b5 Rxb7 (30... Rxb7 31. Rxb7 Bd6 32. Nxf5 gxf5
33. Ra7 Rb8 34. Rxa5 Rb2+ $10) 1/2-1/2

[Event "Krynica zt"]
[Site "Krynica"]
[Date "1998.09.03"]
[Round "2"]
[White "Georgiev, Vladimir"]
[Black "Groszpeter, Attila"]
[Result "0-1"]
[WhiteElo "2540"]
[BlackElo "2505"]
[Annotator "Ftacnik,L"]
[PlyCount "106"]
[EventDate "1998.09.02"]
[EventType "swiss"]
[EventRounds "9"]
[EventCountry "POL"]
[SourceTitle "CBM 067"]
[Source "ChessBase"]
[SourceDate "1998.11.30"]
[SourceVersion "2"]
[SourceVersionDate "1998.11.01"]
[SourceQuality "1"]

1. d4 Nf6 2. c4 g6 3. Nc3 d5 4. cxd5 Nxd5 5. e4 Nxc3 6. bxc3 Bg7 7. Bc4 c5 8.
Ne2 Nc6 9. Be3 O-O 10. O-O Qc7 11. Rc1 Rd8 12. Bf4 Qd7 13. Bb5 $6 (13. d5 Qe8
14. Bc7 Rd7 15. Bg3 a6 16. f4 Na5 17. Bb3 c4 18. Bc2 e6 19. d6 b5 20. e5 {
1-0 Southam,D-Bailey,D/Ontario 1992/EXT 98 (99)}) 13... cxd4 $1 $146 {[%mdl 4]
This natural move is a kind of refutation of 13.Bb5, white has to fight for
equality.} (13... Qe8 14. d5 Qf8 15. Bc7 (15. Qb3 Na5 16. Qa4 b6 17. Bc7 a6 18.
Bc6 Nxc6 19. Qxc6 Bg4 20. f3 Bd7 21. Qxb6 Rdc8 22. f4 Qe8 23. f5 {1-0 Wilde,
M-Schmall,J/Eppingen 1988/GER (42)}) 15... Rd7 16. Bg3 Rd8 17. c4 e5 18. Bxc6
bxc6 19. Qa4 Qd6 20. dxc6 Be6 21. Nc3 Rdc8 22. Rfd1 Qxc6 23. Rd8+ {1-0
Niklasson,C-Andre,W/Bad Meinberg 1975/EXT 98 (23)}) 14. cxd4 Bxd4 15. Qa4 (15.
Bxc6 bxc6 16. Qxd4 Qxd4 17. Nxd4 Rxd4 18. Rxc6 Rxe4 19. Be3 Ra4 $15) 15... Bb6
(15... e5 $2 16. Bg5 Rf8 17. Rxc6 bxc6 18. Bxc6 Qg4 19. Nxd4 exd4 20. Bh6 $18)
16. Nc3 (16. Rxc6 bxc6 17. Bxc6 Qg4 18. Bxa8 Qxe2 19. Bd5 Ba6 $19) (16. Bxc6
bxc6 17. Rfd1 Qe8 18. Rxd8 Qxd8 19. Qxc6 Ba6 20. Bc7 Bxc7 21. Qxa6 Qd2 $15)
16... Qg4 17. Nd5 (17. Bg3 Nd4 18. h3 Qg5 $17) 17... Rxd5 $1 {[%mdl 64]
Another strong move refutes white's spirited attampt to be active.} (17... Be6
18. h3 Qh4 19. Bg3 Qg5 20. Bf4 Qh4 (20... Qh5 21. Bxc6 bxc6 22. Nxe7+ $16) 21.
Bg3 $11) 18. exd5 Nd4 19. g3 (19. Be3 Ne2+ 20. Kh1 Nxc1 21. Rxc1 Bxe3 22. fxe3
Qxa4 23. Bxa4 Bf5 $17) 19... Nf3+ (19... Qh3 20. Kh1 Bg4 21. f3 Bxf3+ 22. Rxf3
Nxf3 $19) 20. Kh1 (20. Kg2 Qh3+ $1 21. Kxf3 Qh5+ 22. Kg2 (22. Ke4 Bf5+ 23. Ke5
f6#) 22... Bh3+ 23. Kg1 Qf3 $19) 20... Qh3 21. g4 (21. Rxc8+ Rxc8 22. g4 Nxh2
$1 23. Bxh2 Qf3+ 24. Kg1 Rc1 25. Rxc1 Qxf2+ 26. Kh1 Qf3#) 21... Nh4 (21... Bxg4
22. Rc3) 22. Rxc8+ $8 (22. Qe4 Bxg4 $19) 22... Rxc8 23. Qe4 Qxg4 (23... Rc2 24.
Bg3 Bc7 25. Bxc7 Rxc7 $17) 24. Be2 (24. Rg1 Qf3+ 25. Qxf3 Nxf3 $19) 24... Qf5
25. Qxf5 (25. Bd3 Qxe4+ 26. Bxe4 Rc4 27. f3 Nxf3 $19) 25... Nxf5 26. Bd3 {
White has a bishop pair, but he sits without two pawns and the rest of them
are all isolated and weak.} Nd6 (26... Nd4 27. Re1 Rc3 28. Be4 Bc5 $19) 27. Re1
Kf8 28. Bh6+ (28. Bxd6 exd6 $19) 28... Ke8 29. Bg5 Bd8 (29... Rc7 30. Kg2 Bd4
$19) 30. Be3 Rc3 31. Bb1 Bb6 32. Bg5 (32. Bxb6 axb6 $19) 32... Rc7 33. Kg2 Kd8
34. h4 Bd4 35. h5 b6 36. a4 $6 {xa4} Bf6 37. hxg6 hxg6 (37... Bxg5 $4 38. g7
$18) 38. Bf4 (38. Bxf6 exf6 $19) 38... Rc4 {Black has managed to coordinate
his pieces so he can harvest the fruits of his superior position.} 39. Bxd6 (
39. Kf3 Rxa4 $19) 39... exd6 40. Re4 Rc5 (40... Rxe4 $6 41. Bxe4 Ke7 $17) 41.
Ba2 Be5 42. Rc4 (42. f4 Rc2+ 43. Kf3 Rxa2 44. fxe5 dxe5 $19) 42... Rxd5 43. Rg4
(43. Rc8+ Kxc8 44. Bxd5 f6 $19) 43... Ra5 44. Bxf7 g5 45. Rb4 (45. Rxg5 Rxa4
$19) 45... Rc5 46. Rc4 Ke7 47. Rxc5 (47. Bg8 Ra5 48. Kf3 d5 $19) 47... bxc5 48.
Bc4 Kf6 49. Kf3 (49. Bd3 Bd4 50. Kf3 Ke5 $19) 49... Bd4 50. Kg3 Ke5 51. Kg4
Bxf2 52. Kxg5 d5 53. Ba2 c4 (53... c4 54. Kg4 Ke4 55. Bb1+ Ke3 56. Ba2 c3 57.
Bb1 d4 $19) 0-1